| 000 | 00818nam a22002057a 4500 | ||
|---|---|---|---|
| 005 | 20230217072727.0 | ||
| 008 | 230217b |||||||| |||| 00| 0 eng d | ||
| 020 | _a978-621-8070-13-4 | ||
| 082 | _aFil. 808.0499211 M115 2018 | ||
| 100 |
_aMacaraan, Willard Enrique R. _eauthor |
||
| 245 |
_aPagbasa at pagsusuri ng ibat ibang teksto tungo sa pananaliksik / _c Williard Enrique R. Macaraan, author; Rica D. Ancheta, project director |
||
| 250 | _a1st ed. | ||
| 260 |
_aManila: _bFastbooks Educational Supply, _cc2018 |
||
| 300 |
_av, 198p.: _bill. |
||
| 504 | _aIncludes bibliographical references | ||
| 541 | _e6133 c.1, 6134 c.2, 6135 c.3, 6136 c.4, 6137 c.5 | ||
| 650 | _aFilipino language - Readers | ||
| 650 | _aFilipino language - Rhetoric - Study and teaching | ||
| 700 |
_aAncheta, Rica D. _eproject director |
||
| 999 |
_c1281 _d1281 |
||